Szczegóły MARC21

Wybrane zagadnienia rewitalizacji miast w kontekście przemian społeczno-gospodarczych = Selected Issues in Revitalization of Cities in the Context of Socio-Economic Changes /

003 -Nazwa inst., której nr kontr. jest w polu 001 [,]
    • @
    • Nazwa instytucji, której n kontrolny jest w polu 001
    • NUKAT
005 -DATA I CZAS OSTATNIEJ MODYFIKACJI [,]
    • @
    • pole kontrolne
    • 20260422093045.0
020 -Międzynarod. znormalizowany nr książki - ISBN [ , ]
    • a
    • Numer ISBN
    • 9788363563332 Find
040 -Instytucja sporządzająca opis [ , ]
    • a
    • Instytucja, która sporządziła opis (NP)
    • WR U/AO
    • c
    • Instytucja, która sporządziła rekord (NP)
    • WR U/AOs
    • d
    • Instytucja, która zmodyfikowała rekord (P)
    • WR U/EG
041 -Język dokumentu [0, ]
    • a
    • Język tekstu (P)
    • polski
    • a
    • Język tekstu (P)
    • angielski
    • b
    • Język streszczeń lub abstraktu (P)
    • angielski
942 -Rodzaj dokumentu [ , ]
    • c
    • Rodzaj dokumentu
    • Książka
245 -Strefa tytułu i oznaczenia odpowiedzialności [0,0]
    • a
    • Tytuł
    • Wybrane zagadnienia rewitalizacji miast w kontekście przemian społeczno-gospodarczych = Find
    • b
    • Ciąg dalszy tytułu (NP)
    • Selected Issues in Revitalization of Cities in the Context of Socio-Economic Changes / Find
    • c
    • Pozostałe elementy strefy tytułu i oznaczenia odpowiedzialności (NP)
    • pod redakcją Piotra Lorensa.
246 -Wariant tytułu [3,1]
    • a
    • Tytuł (NP)
    • Selected Issues in Revitalization of Cities in the Context of Socio-Economic Changes
260 -Strefa adresu wydawniczego [ , ]
    • a
    • Miejsce wydania (P)
    • Warszawa :
    • b
    • Nazwa wydawcy (P)
    • Komitet Przestrzennego Zagospodarowania Kraju PAN,
    • c
    • Data wydania (P)
    • 2016.
300 -Strefa opisu fizycznego [ , ]
    • a
    • Określenie formy książki i/lub objętość (NP)
    • 373, [8] s. :
    • b
    • Oznaczenie ilustracji (NP)
    • il. ;
    • c
    • Format (NP)
    • 21 cm.
336 -Typ zawartości [ , ]
    • a
    • Termin opisujący typ zawartości
    • Tekst
    • b
    • Kod określający zawartość
    • txt
    • 2
    • Źródło (terminu i kodu)
    • rdacontent
337 -Typ mediów [ , ]
    • a
    • Tryb odtwarzania
    • Bez urządzenia pośredniczącego
    • b
    • Kod typu mediów
    • n
    • 2
    • Źródło (terminu i kodu)
    • rdamedia
338 -Typ/rodzaj nośnika [ , ]
    • a
    • Hasło opisujące typ nośnika
    • Wolumin
    • b
    • Kod typu nośnika
    • nc
    • 2
    • Źródło (terminu i kodu)
    • rdacarrier
490 -Strefa serii i książki wielotomowej - forma nie do wyszukiwania [1, ]
    • a
    • Tytuł (P)
    • Biuletyn / Polska Akademia Nauk. Komitet Przestrzennego Zagospodarowania Kraju, Find
    • x
    • ISSN (NP)
    • 0079-3493 ;
    • v
    • Numeracja (P)
    • z. 264
830 -Hasło dodatkowe serii i opisu książki wielotomowej - tytuł ujednolicony/tytuł [ ,0]
    • a
    • Tytuł ujednolicony/tytuł (NP)
    • Biuletyn - Polska Akademia Nauk. Komitet Przestrzennego Zagospodarowania Kraju
    • x
    • ISSN
    • 0079-3493
    • v
    • Oznaczenie tomu (NP)
    • z. 264
    • 9
    • KHW
    • 1750
500 -Uwaga ogólna [ , ]
    • a
    • Uwaga ogólna (NP)
    • W publikacji wydrukowano błędnie numer ISSN należący do "Studia / Polska Akademia Nauk": 0079-3507.
504 -Uwaga dot. bibliogr. załącznikowej [ , ]
    • a
    • Uwaga dot. bibliografii załącznikowej
    • Bibliogr. przy art.
536 -Uwaga dot. finansowania książki [ , ]
    • a
    • Tekst uwagi
    • Publikacja wydana ze środków na działalność statutową Wydziału Architektury Politechniki Gdańskiej.
546 -Uwaga dot. języka [ , ]
    • a
    • Uwaga dot. języka
    • Treść pol. i ang., streszcz., tyt. oraz spis tr. równol. ang.
650 -Hasło przedmiotowe [ ,7]
    • a
    • Hasło przedmiotowe
    • Rewitalizacja miast
    • x
    • Określnik rzeczowy
    • aspekt społeczny
    • z
    • Określnik geograficzny
    • Polska
    • y
    • Określnik chronologiczny
    • 1990-.
    • 2
    • Źródło terminu
    • kaba
    • 9
    • KHW
    • 402323
650 -Hasło przedmiotowe [ ,7]
    • a
    • Hasło przedmiotowe
    • Rewitalizacja miast
    • x
    • Określnik rzeczowy
    • aspekt ekonomiczny
    • z
    • Określnik geograficzny
    • Polska
    • y
    • Określnik chronologiczny
    • 1990-.
    • 2
    • Źródło terminu
    • kaba
    • 9
    • KHW
    • 415652
650 -Hasło przedmiotowe [ ,7]
    • a
    • Hasło przedmiotowe
    • Gospodarka regionalna
    • z
    • Określnik geograficzny
    • Polska
    • y
    • Określnik chronologiczny
    • 1990-.
    • 2
    • Źródło terminu
    • kaba
    • 9
    • KHW
    • 350741
700 -Hasło dodatkowe - nazwa osobowa [1, ]
    • a
    • Nazwa osobowa (NP)
    • Lorens, Piotr. Find
    • e
    • Określenie rodzaju współpracy
    • Red.
    • 9
    • KHW
    • 415790
710 -Hasło dodatkowe - nazwa ciała zbiorowego [2, ]
    • a
    • Nazwa ciała zbiorowego lub nazwa geograficzna jako pierwszy element (NP)
    • Polska Akademia Nauk.
    • b
    • Nazwa jednostki podrzędnej (P)
    • Komitet Przestrzennego Zagospodarowania Kraju.
    • 4
    • Kod relacji
    • pbl
    • 9
    • KHW
    • 17448
920 -ISBN [ , ]
    • a
    • ISBN
    • 978-83-63563-33-2 Find
Status udost. Numer inwentarzowy Lokalizacja Data inwentaryzacji
1Z.122443BG2017-06-02